Normal view
MARC view
- Khan, Dr. Mohsin
Entry Personal Name
001 - CONTROL NUMBER
- control field: 104580
003 - CONTROL NUMBER IDENTIFIER
- control field: NUST
005 - DATE AND TIME OF LATEST TRANSACTION
- control field: 20221209175240.0
008 - FIXED-LENGTH DATA ELEMENTS
- fixed length control field: 221209|| aca||aabn | a|a d
040 ## - CATALOGING SOURCE
- Original cataloging agency: NUST
- Transcribing agency: NUST
100 ## - HEADING--PERSONAL NAME
- Personal name: Khan, Dr. Mohsin
670 ## - SOURCE DATA FOUND
- Source citation: Work cat.: (NUST): Khan, Dr. Mohsin, Tafseer Ahsan al Kalam (Pocket-size) |
